| 000 | 00639nam a2200253#a 4500 | ||
|---|---|---|---|
| 001 | 02331 | ||
| 003 | HDC | ||
| 007 | ta | ||
| 008 | 230623s2008 xx 000 0 eng d | ||
| 020 | _a0849390761 (hbk) | ||
| 040 | _aHDC | ||
| 050 |
_aQR115 _b.M456 2008 |
||
| 245 | 0 |
_aMicrobial food contamination / _cedited by Charles L. Wilson. |
|
| 250 | _a2nd ed. | ||
| 264 |
_aBoca Raton : _bCRC Press, _cc2008. |
||
| 300 |
_axxii,607p. : _b ill. ; _c 25cm. |
||
| 650 | _aFood contamination. | ||
| 650 |
_aFood _xMicrobiology. |
||
| 700 | _aWilson, Charles L. | ||
| 942 | _2lcc | ||
| 942 | _cBK | ||
| 942 | _kQR115 | ||
| 942 | _m.M456 2008 | ||
| 999 |
_c23890 _d23890 |
||